00938cam a2200277 a 45000010008000000030006000080050017000140080041000310100017000720400025000890420009001140500026001230820015001491000030001642450074001942600041002683000035003095050006003445200140003505210016004905210016005066500037005226500041005596500031006007000029006311022310FISKH20250820082029.0881201s1989 nyua j 000 1 eng  a 88038265  aDLCcDLCdDLCdOCoLC alcac00aPZ7b.L57833 Iac 198900a791.432191 aLevine, Ellen.d1939-201210aI hate English! /cby Ellen Levine ; illustrated by Steve Björkman. aNew York :bScholastic Inc.,cc1989. a[32] p. :bcol. ill. ;c26 cm. aK aWhen her family moves to New York from Hong Kong, Mei Mei finds it difficult to adjust to school and learn the alien sounds of English. a490bLexile a KbRaz-Paz 1aChinesezUnited StatesxFiction. 1aEmigration and immigrationxFiction. 1aEnglish languagexFiction.1 aBjörkman, Steve,eill.